|
|
แสดงรายละเอียดบรรณานุกรม |
|
|
Brief Record
: Get Marc (ISO 2709)
: E-mail record
: |
|
|
|
| LEADER 00000nam 2200000uu 4500 | |||
| 001 210651 | |||
| 003 ULIBM | |||
| 008 020711s2557 th a 000 0 tha d | |||
| 020 978-974-03-3194-0 | |||
| 060 WI100 ส235ร 2557 | |||
| 100 สมนึก นิลบุหงา | |||
| 245 ระบบทางเดินอาหารและการประยุกต์/^cสมนึก นิลบุหงา,อุดมศรี โชว์พิทธพรชัย | |||
| 250 พิมพ์ครั้งที่ 1 | |||
| 260 กรุงเทพฯ :^bสำนักพิมพ์แห่งจุฬาลงกรณ์มหาวิทยาลัย,^c2557 | |||
| 300 361 [1] หน้า :^bภาพประกอบ ;^c26 ซม. | |||
| 650 กระเพาะอาหารและลำไส้,ระบบ | |||
| 650 0 กระเพาะอาหารและลำไส้,วิทยา | |||
| 650 0 Gastrointestinal agents | |||
| 710 อุดมศรี โชว์พิทธพรชัย | |||
| 999 ^aใช้งานได้ทุกระบบ | |||
| คุณยังไม่ได้ล็อกอิน คุณสามารถมีกิจกรรมร่วมกับเว็บไซต์ได้ แต่ต้องล็อกอินก่อน :: |
|
| สถานะ | |||||||||
| 1. | การพยาบาล (ตำราหลัก) | WI100 ส235ร 2557 ฉ.1 | On Shelf ขอยืม | ||||||
| 2. | การพยาบาล (ตำราหลัก) สถานะ=หนังสือเก่า - บริการ ณ ห้องสมุด (ห้องเหลือง) | WI100 ส235ร 2557 ฉ.2 | On Shelf ขอยืม | ||||||
| 3. | การพยาบาล (ตำราหลัก) สถานะ=หนังสือเก่า - บริการ ณ ห้องสมุด (ห้องเหลือง) | WI100 ส235ร 2557 ฉ.3 | On Shelf ขอยืม | ||||||
| 4. | การพยาบาล (ตำราหลัก) สถานะ=หนังสือเก่า - บริการ ณ ห้องสมุด (ห้องเหลือง) | WI100 ส235ร 2557 ฉ.4 | On Shelf ขอยืม | ||||||
| 5. | การพยาบาล (ตำราหลัก) | WI100 ส235ร 2557 ฉ.5 | On Shelf ขอยืม | ||||||
| 6. | การพยาบาล (ตำราหลัก) สถานะ=หนังสือเก่า - บริการ ณ ห้องสมุด (ห้องเหลือง) | WI100 ส235ร 2557 ฉ.6 | On Shelf ขอยืม | ||||||
| Note:จัดซื้อปีงบ 59 | |||||||||
| 7. | การพยาบาล (ตำราหลัก) สถานะ=หนังสือเก่า - บริการ ณ ห้องสมุด (ห้องเหลือง) | WI100 ส235ร 2557 ฉ.7 | On Shelf ขอยืม | ||||||
| Note:จัดซื้อปีงบ 59 | |||||||||
| 8. | การพยาบาล (ตำราหลัก) สถานะ=หนังสือเก่า - บริการ ณ ห้องสมุด (ห้องเหลือง) | WI100 ส235ร 2557 ฉ.8 | On Shelf ขอยืม | ||||||
| Note:จัดซื้อปีงบ 59 | |||||||||
| 9. | การพยาบาล (ตำราหลัก) สถานะ=หนังสือเก่า - บริการ ณ ห้องสมุด (ห้องเหลือง) | WI100 ส235ร 2557 ฉ.9 | On Shelf ขอยืม | ||||||
| Note:จัดซื้อปีงบ 59 | |||||||||
| 10. | การพยาบาล (ตำราหลัก) สถานะ=หนังสือเก่า - บริการ ณ ห้องสมุด (ห้องเหลือง) | WI100 ส235ร 2557 ฉ.10 | On Shelf ขอยืม | ||||||
| Note:จัดซื้อปีงบ 59 | |||||||||
| [แสดง 10/10 รายการ] | |||||||||
| รายการใกล้เคียง ผู้แต่ง [สมนึก นิลบุหงา]
หัวเรื่อง [กระเพาะอาหารและลำไส้,ระบบ]
|
BibComment |
| คอมเมนท์ทรัพยากรรายการนี้ |
|
|